000 00525nam a2200193Ia 4500
003 GCL
008 140319s9999 xx 000 0 eng d
040 _aGCL /
_cGCL
082 0 4 _a618.1
_bH G
100 1 _aHAMMOND, ROBERT.
245 1 0 _aGYNAECOLOGICAL SYMPTOMS IN PRIMARY CARE /
_cHAMMOND, ROBERT.
700 1 _aMC GHEE, MICHAEL.
260 _a[S.N] :
_bBLACK WELL SCIENCE ،
_c1996
300 _a136 P
650 0 4 _aPHYSICIANS
650 0 4 _aFEMALE DISEASES
650 0 4 _aGENERATIVE ORGANS, FEMALE
942 _2ddc
_cBK
999 _c13085
_d13085